000 02218cam a22004934i 4500
003 PE-LiUPU
005 20250731173345.0
008 150706s r 000 0 d
020 _a0567084760
035 _a(Sirsi) i9780567084767
040 _aPE-LiUPU
_bspa
_cPE-LiUPU
_erda
049 _aPRUA
082 0 4 _a226.5
_bN
_221
245 0 1 _aNew readings in John :
_bliterary and theological perspectives. Essays from the scandinavian Conference on the Foruth Gospel Arhus 1997 /
_cJohannes Nissen y Sigfred Pedersen.
264 1 _aSheffield :
_bSheffield Academic Press,
_c2004.
300 _a269 páginas ;
_c22 centímetros
336 _atext
_2rdacontent
337 _aunmediated
_2rdamedia
338 _avolume
_2rdacarrier
490 0 _aT & T Clark Academic Paperbacks
504 _aNotas bibliográficas al pie de páginas.
505 0 _aThe Gospel of John as Literature: literary readings of the Fourth Gospel -- The implied Reader in John's Gospel -- Old Testament Imagery in John -- Irony and sectarianism in the Gospel of John -- Johannine anomalies and the Synoptics -- The Qumran Scrolls and John's Gospel -- Anti-Judaism in John's Gospel: John 8 -- Community and Ethics in the Gospel of John -- Mission in the fourth Gospel: Historical and Hermeneutical perspectives -- John's understanding of the Death of Jesus.
526 _aSEG42
526 _aSEG41
526 _aSEG40
526 _aSEG39
526 _aP94
526 _aP87
526 _aP86
526 _aP85
526 _aP77
526 _aP76
526 _aP35
541 _g48101-1479;
630 _aBiblia.
_pN.T.
_pJuan
_vEnsayos.
700 1 _aNissen, Johannes,
_eed.
700 1 _aPedersen, Sigfred,
_eed.
910 _agl
_bjv
_clch
_d20091119
942 _2ddc
_cBOOK
949 _a226.5 N
_wDEWEY
_c1
_i60647
_lCCODEBUL1
_mBUL
_p43.00
_r0
_sY
_tBOOK
_u2015-7-6
_xTEOLOGIA
_zUNKNOWN
_0COMPRA
_o.STAFF. Colección General
994 _aC0
_bPEPRU
596 _a1
999 _a226.5 N
_wDEWEY
_c50063
_i60647
_f2021-11-9
_g5
_lCCODEBUL1
_mBUL
_p43.00
_r0
_sY
_tBOOK
_u2015-7-6
_xTEOLOGIA
_zUNKNOWN
_0COMPRA
_o.STAFF. Colección General
_d50063
980 _81
_gALBERTO SANCHEZ Responsable de Automatización